000 00613nmm a2200253 a 4500
003 AR-BaBNM
005 20251128204401.0
008 215019s1991 ||||||||||||||000 | spa||
020 _a950-07-0111-1
040 _cAR-BaBNM
100 1 _aWalsh, María Elena
245 1 0 _aJuguemos en el mundo
250 _a7ª ed.
260 _aBuenos Aires
_bSudamericana
_c1991
300 0 _a76 p.
650 4 _aLITERATURA ARGENTINA
650 4 _aPOESIAS
650 4 _aLITERATURA INFANTIL
653 0 _aPOESIA INFANTIL
653 0 _aCANCIONES INFANTILES
655 _aLITERATURA
942 _cBK
998 _cisola
999 _c7239
_d7239